000 00715nam a22002057a 4500
005 20180601153106.0
010 _aB-694037
020 _a9788193328491
_c799.00
035 _aB-694037
037 _bRK Books
082 _a001.151
100 _aGrewal, B .S
245 _aHigher engineering mathematics /
_cB.S. Grewal & J.S.Grewal
250 _a44th ed
260 _aNew Delhi
_bKhanna publishers
_c2014
270 _a2-B Nath Market Nai sarak
_b New Delhi
_e110006
300 _a1238p
_c27cm(pbk)
942 _2ddc
_cEN
_h510.2462
_mGRE
999 _c152308
_d152308